000 00419nam a2200169Ia 4500
008 230524s9999 xx 000 0 und d
082 _a5.43
_bELL
100 _aEllis Horowitz
245 0 _aFundamentals of Data Structures in Pascal
250 _a1ST
260 _aNEW DELHI
_bGalgotia
_c1976
300 _aXIV;542
500 _aQuantity Number: 46
650 _aComp-Sc
700 _a Sartaj Sahni
942 _cBK
999 _c13081
_d13081